00797cam a2200241 a 45000010008000000030012000080050017000200080041000370100017000780200026000950400022001210430012001430500025001550820020001801000035002002450067002352600031003023000053003335040051003866000045004376500026004826510047005081882778NUST - PNEC20170512123310.0830813s1983 enkaf b 001 0 eng  a 83124699  a0233975020 :c£10.95 aDLCcLIBRARYdDLC af-ua---00aDT107.85b.H39 1983b00a967.054 HEI2191 aHaykal, Muḥammad Ḥasanayn.10aAutumn of fury :bthe assassination of Sadat cMohamed Heikal. aLondon :bDeutsch,cc.1983 axiii, 290 p., [8] p. of plates :bill. ;c24 cm. aIncludes bibliographical references and index.10aSadat, Anwar,d1918-1981xAssassination. 0aAssassinationzEgypt. 0aEgyptxPolitics and governmenty1970-1981.